| 000 | 00699nam a2200121Ia 4500 | ||
|---|---|---|---|
| 008 | 220615s9999||||xx |||||||||||||| ||und|| | ||
| 100 | _aWanna, John||Vincent, Sam||Podger, Andrew | ||
| 245 | 0 | _aWith the benefit of hindsight: Valedictory reflections from departmental secretaries, 2004-11 | |
| 546 | _aEnglish[eng] | ||
| 650 | _aaustralia||civil service||officials||employees||anecdotes||Canberra||Department of Foreign Affairs and Trade (Australia)||Public service | ||
| 856 | _uhttps://library.oapen.org/bitstream/20.500.12657/33587/1/459792.pdf||https://library.oapen.org/bitstream/20.500.12657/33587/1/459792.pdf||https://library.oapen.org/bitstream/20.500.12657/33587/1/459792.pdf | ||
| 942 | _cEB | ||
| 999 |
_c11433 _d11433 |
||